Los trabajadores de la fruta en cifras
Zapisane w:
| Główni autorzy: | , |
|---|---|
| Format: | Książka |
| Język: | hiszpański |
| Wydane: |
Santiago
Grupo de Estudios Agro-Regionales
1991
Santiago Universidad Academia de Humanismo Cristiano 1991 |
| Hasła przedmiotowe: | |
| Etykiety: |
Dodaj etykietę
Nie ma etykietki, Dołącz pierwszą etykiete!
|
MARC
| LEADER | 00000nam a2200000 a 4500 | ||
|---|---|---|---|
| 001 | UCM7841 | ||
| 003 | CL-VaPUC | ||
| 005 | 20230503100630.0 | ||
| 008 | 030110e19910000cl |||||||||||||||||spa|d | ||
| 999 | |c 302500 |d 302498 | ||
| 040 | |c Pontificia Universidad Católica de Valparaíso | ||
| 082 | 0 | 4 | |a 331.763 |b ROD |2 21 |
| 100 | 0 | |a Rodríguez O., Daniel |e author |9 473489 | |
| 245 | 1 | 4 | |a Los trabajadores de la fruta en cifras |
| 260 | |a Santiago |b Grupo de Estudios Agro-Regionales |c 1991 | ||
| 260 | |a Santiago |b Universidad Academia de Humanismo Cristiano |c 1991 | ||
| 300 | |a 171 p | ||
| 583 | |a last modification |c 20171004 01:00:12 |k Rodrigo Vera | ||
| 650 | 7 | |a Trabajadores frutícolas |2 CL-VaPUC |9 473491 |x Cesantía |x Condiciones de trabajo | |
| 650 | 7 | |a Fruticultura |2 CL-VaPUC |9 473492 |x Industria | |
| 700 | 0 | |a Venegas L., Sylvia |e author |9 473490 | |
| 942 | |c BK |2 ddc | ||
| 945 | |d 20030110 00:00:00 |a lriquelm | ||
| 952 | |0 0 |1 0 |4 0 |6 331_763000000000000_ROD_1991_1991 |7 0 |8 A |9 363118 |a BIBAGR |b BIBAGR |d 2019-11-21 |i 3870901 |o 331.763 ROD 1991 1991 |p 3870901 |r 2025-01-20 |w 2019-11-21 |y BK |k AGR | ||